000 00296nam a22001337a 4500
008 181226b xxu||||| |||| 00| 0 eng d
020 _a0256034095
041 _aeng
080 _a316
100 _a50
101 _aSOC
245 _aSociology and Critical Inquiry
_cWalton, J
942 _2udc
_cBK
999 _c53792
_d53792